Ja nemusím nič dokazovať so spevákom Jožom Rážom o Amerike, ...

Bibliographic Details
Main Authors: Kokavcová, Lýdia (ain), Ráž, Jozef, 1954- (Author, uin)
Format: Article
Language:Slovak
PhysicalDescription:Fotogr.
ISSN:1336-1325
Subjects:

MARC

LEADER 00000nab a2200000 a 4500
001 vtls000861405
003 SK-MaSNL
005 20260303210638.0
008 160322c2004 xo 0 slo
015 |a SNBRB2004/02-03773 
035 |a CLN000213000 
040 |a SNKBUCL  |b slo  |c SNKBUCL  |e AACR2 
041 0 |a slo 
044 |a xo  |c SK 
080 |a 78.071.2:784.66  |2 UDC-MRF-SK2 
080 |a 784.66  |2 UDC-MRF-SK2 
080 |a 929 Ráž, Jozef  |2 UDC-MRF-SK2 
100 1 |a Kokavcová, Lýdia  |4 ain  |9 843289 
245 1 0 |a Ja nemusím nič dokazovať  |b so spevákom Jožom Rážom o Amerike, ...  |c [zhovárala sa] Lýdia Kokavcová 
300 |b Fotogr. 
600 1 7 |a Ráž, Jozef,  |d 1954-  |2 snkbucl  |9 105493 
655 7 |a články z novín a časopisov  |2 snkbucl  |9 267496 
700 1 |a Ráž, Jozef,  |d 1954-  |4 aut  |4 uin  |9 105493 
773 0 |x 1336-1325  |t Formát  |g Roč. III, č. 3 (2004), s. 48-51 
850 |a Slovenská národná knižnica v Martine 
852 |a SNK  |b KIS3GCP 
958 |a BX 
958 |a RBX 
999 |c 2201051  |d 2202981